000 00258 a2200097 4500
020 _a9780500025383
100 _aRichard Poulin
245 _aRudolph de Harak Graphic Designer: Rational Simplicity
250 _aFirst Edition
260 _bThames & Hudson
_c 2022
999 _c13268
_d13268